00433nam a2200169Ia 4500008004100000020001800041245002400059245006400083260001500147260001600162260000900178300001400187300002500201300001000226500000800236999001900244170705s9999 xx 000 0 und d a9780545283953 aReady, set, school! cby Jacquelyn Mitchard ; illustrated by Paul Ratz de Tagyos. aNew York : bScholastic, c2007 aunpaged : bcolor illustration ; c27cm. a700 c337135d337135